Nguồn cội Thơ
v.v...
Đã lưu trong:
| Tác giả chính: | |
|---|---|
| Định dạng: | Sách |
| Năm xuất bản: |
H.
Văn học
2010
|
| Chủ đề: | |
| Tags: |
Thêm thẻ
Không có thẻ, Hãy là người đầu tiên gắn thẻ bản ghi này!
|
| LEADER | 00763nam a2200181 4500 | ||
|---|---|---|---|
| 082 | |a 895.9221 |b PH104B | ||
| 100 | |a Phạm Bá Nhơn | ||
| 245 | |a Nguồn cội |c Phạm Bá Nhơn |b Thơ | ||
| 260 | |a H. |b Văn học |c 2010 | ||
| 300 | |a 218 tr. |c 21 cm | ||
| 520 | |a v.v... | ||
| 653 | |a Văn học hiện đại | ||
| 653 | |a Việt Nam | ||
| 653 | |a Thơ | ||
| 942 | |2 ddc |c STK0 | ||
| 999 | |c 2386 |d 2386 | ||
| 952 | |0 0 |1 0 |2 ddc |4 0 |6 895_922100000000000_PH104B |7 1 |8 800 |9 31340 |a qbu |b qbu |c D5 |d 2014-12-13 |g 46000 |o 895.9221 PH104B |p 3743.c1 |r 0000-00-00 |w 2014-12-13 |y STK0 |0 0 |6 895_922100000000000_PH104B | ||
| 952 | |0 0 |1 0 |2 ddc |4 0 |6 895_922100000000000_PH104B |7 0 |8 800 |9 31341 |a qbu |b qbu |c D5 |d 2014-12-13 |g 46000 |o 895.9221 PH104B |p 3743.c2 |r 0000-00-00 |w 2014-12-13 |y STK0 |0 0 |6 895_922100000000000_PH104B | ||